000 00383nam a2200109Ia 4500
008 220216s9999 xx 000 0 und d
100 _aHorstmann C
_cet al
245 0 _aPolymorphism of legumin subunits from field bean (vicia faba L var. minor) and its relation to the corresponding multigene family
260 _bTheoretical and Applied Genetics
_c1993
300 _a867
942 _cJS
999 _c65287
_d65287